Colors of Country Flags - Random Tile Select - Statistics

General Stats
  • This quiz has been taken 7,421 times
  • The average score is 40 of 48
Answer Stats
Question Tile Select % Correct
Russia Black No
97%
Russia Green No
97%
United Kingdom Red Yes
97%
Russia Red Yes
97%
Russia Yellow / Orange No
97%
Ireland Black No
96%
Ukraine Black No
96%
United Kingdom Blue Yes
96%
Russia Blue Yes
96%
Ireland Blue No
96%
United Kingdom Green No
96%
Ukraine Red No
96%
Russia White Yes
96%
United Kingdom Yellow / Orange No
96%
Canada Black No
95%
Sweden Black No
95%
China Black No
95%
Romania Black No
95%
Australia Blue Yes
95%
New Zealand Blue Yes
95%
Canada Blue No
95%
China Blue No
95%
Australia Green No
95%
New Zealand Green No
95%
Canada Green No
95%
Sweden Green No
95%
China Green No
95%
Ukraine Green No
95%
China Red Yes
95%
United Kingdom White Yes
95%
Canada White Yes
95%
Ireland White Yes
95%
Canada Yellow / Orange No
95%
United States Black No
94%
United Kingdom Black No
94%
Italy Black No
94%
United States Blue Yes
94%
Sweden Blue Yes
94%
Georgia Blue No
94%
Saudi Arabia Blue No
94%
Ukraine Blue Yes
94%
United States Green No
94%
Ireland Green Yes
94%
Brazil Green Yes
94%
Saudi Arabia Green Yes
94%
Germany Green No
94%
Argentina Green No
94%
United States Red Yes
94%
New Zealand Red Yes
94%
Canada Red Yes
94%
Ireland Red No
94%
Sweden Red No
94%
Romania Red Yes
94%
United States White Yes
94%
Australia White Yes
94%
Ukraine White No
94%
United States Yellow / Orange No
94%
Saudi Arabia Yellow / Orange No
94%
Ukraine Yellow / Orange Yes
94%
Bangladesh Black No
93%
Germany Black Yes
93%
Italy Blue No
93%
Bangladesh Blue No
93%
Germany Blue No
93%
Argentina Blue Yes
93%
Morocco Blue No
93%
Italy Green Yes
93%
Georgia Green No
93%
Albania Green No
93%
Jamaica Green Yes
93%
North Macedonia Green No
93%
Georgia Red Yes
93%
Albania Red Yes
93%
Argentina Red No
93%
New Zealand White Yes
93%
Georgia White Yes
93%
Argentina White Yes
93%
New Zealand Yellow / Orange No
93%
Ireland Yellow / Orange Yes
93%
India Yellow / Orange Yes
93%
Georgia Black No
92%
Czech Republic Black No
92%
Albania Blue No
92%
Lebanon Blue No
92%
Pakistan Blue No
92%
Jamaica Blue No
92%
Czech Republic Blue Yes
92%
Romania Blue Yes
92%
South Korea Green No
92%
Pakistan Green Yes
92%
South Africa Green Yes
92%
Czech Republic Green No
92%
Nigeria Green Yes
92%
Italy Red Yes
92%
South Korea Red Yes
92%
Saudi Arabia Red No
92%
Germany Red Yes
92%
Czech Republic Red Yes
92%
Morocco Red Yes
92%
Italy White Yes
92%
South Korea White Yes
92%
China White No
92%
India White Yes
92%
Romania White No
92%
Australia Yellow / Orange No
92%
Italy Yellow / Orange No
92%
South Korea Yellow / Orange No
92%
Georgia Yellow / Orange No
92%
Albania Yellow / Orange No
92%
Pakistan Yellow / Orange No
92%
Germany Yellow / Orange Yes
92%
Australia Black No
91%
Bulgaria Black No
91%
Bangladesh Green Yes
91%
Belgium Green No
91%
Bosnia and Herzegovina Green No
91%
Romania Green No
91%
Australia Red Yes
91%
Bangladesh Red Yes
91%
Jamaica Red No
91%
Bangladesh White No
91%
Sweden White No
91%
Singapore White Yes
91%
Saudi Arabia White Yes
91%
Czech Republic White Yes
91%
Sweden Yellow / Orange Yes
91%
Norway Yellow / Orange No
91%
China Yellow / Orange Yes
91%
Czech Republic Yellow / Orange No
91%
Belgium Black Yes
90%
Singapore Black No
90%
Argentina Black No
90%
North Macedonia Black No
90%
Kazakhstan Black No
90%
Niger Blue No
90%
Belgium Blue No
90%
North Macedonia Blue No
90%
Bosnia and Herzegovina Blue Yes
90%
Nigeria Blue No
90%
Norway Green No
90%
Singapore Green No
90%
India Green Yes
90%
Singapore Red Yes
90%
North Macedonia Red Yes
90%
Nigeria Red No
90%
Germany White No
90%
Bangladesh Yellow / Orange No
90%
Lebanon Yellow / Orange No
90%
Singapore Yellow / Orange No
90%
Nigeria Yellow / Orange No
90%
Lebanon Black No
89%
Saudi Arabia Black No
89%
Kenya Black Yes
89%
Venezuela Black No
89%
Somalia Black No
89%
Nigeria Black No
89%
Bulgaria Green Yes
89%
Bulgaria Red Yes
89%
Brazil Red No
89%
Norway Red Yes
89%
Belgium Red Yes
89%
Papua New Guinea Red Yes
89%
South Africa Red Yes
89%
India Red No
89%
Kenya Red Yes
89%
Somalia Red No
89%
Lebanon White Yes
89%
Pakistan White Yes
89%
Nigeria White Yes
89%
Somalia Yellow / Orange No
89%
Romania Yellow / Orange Yes
89%
New Zealand Black No
88%
Norway Black No
88%
Albania Black Yes
88%
Niger Black No
88%
Pakistan Black No
88%
Honduras Black No
88%
Singapore Blue No
88%
Niger Green Yes
88%
Somalia Green No
88%
Lebanon Red Yes
88%
Pakistan Red No
88%
Bosnia and Herzegovina Red No
88%
Kazakhstan Red No
88%
Albania White No
88%
Belgium White No
88%
Somalia White Yes
88%
Bulgaria Yellow / Orange No
88%
Belgium Yellow / Orange Yes
88%
North Macedonia Yellow / Orange Yes
88%
Venezuela Yellow / Orange Yes
88%
South Africa Black Yes
87%
Jamaica Black Yes
87%
India Black No
87%
Bulgaria Blue No
87%
Libya Blue No
87%
Somalia Blue Yes
87%
Kazakhstan Green No
87%
Norway White Yes
87%
North Macedonia White No
87%
Morocco White No
87%
Brazil Yellow / Orange Yes
87%
Jamaica Yellow / Orange Yes
87%
Bosnia and Herzegovina Yellow / Orange Yes
87%
Palau Black No
86%
Papua New Guinea Black Yes
86%
Papua New Guinea Blue No
86%
Kenya Blue No
86%
Honduras Blue Yes
86%
Lebanon Green Yes
86%
Venezuela Green No
86%
Honduras Green No
86%
Venezuela Red Yes
86%
Honduras Red No
86%
Bosnia and Herzegovina Black No
85%
South Korea Blue Yes
85%
Brazil Blue Yes
85%
Barbados Blue Yes
85%
Venezuela Blue Yes
85%
Kazakhstan Blue Yes
85%
Papua New Guinea Green No
85%
Niger Red No
85%
Barbados Red No
85%
Seychelles Red Yes
85%
Bulgaria White Yes
85%
Jamaica White No
85%
Kazakhstan White No
85%
Honduras White Yes
85%
Libya Yellow / Orange No
85%
Kazakhstan Yellow / Orange Yes
85%
Honduras Yellow / Orange No
85%
Morocco Yellow / Orange No
85%
Seychelles Black No
84%
Palau Blue Yes
84%
Barbados Yellow / Orange Yes
84%
Seychelles Yellow / Orange Yes
84%
Gabon Black No
83%
Morocco Black No
83%
Seychelles Blue Yes
83%
Palau Green No
83%
Burkina Faso Green Yes
83%
Gabon Green Yes
83%
Barbados Green No
83%
Kenya Green Yes
83%
Palau Red No
83%
Argentina Yellow / Orange Yes
83%
Myanmar Black No
82%
Norway Blue Yes
82%
Myanmar Blue No
82%
Burkina Faso Blue No
82%
Libya Green Yes
82%
Nauru Green No
82%
Seychelles Green Yes
82%
Ethiopia Green Yes
82%
Central African Republic Red Yes
82%
Niger White Yes
82%
Nauru Blue Yes
81%
Guyana Green Yes
81%
Central African Republic Green Yes
81%
Burkina Faso Red Yes
81%
Nauru Black No
80%
Guyana Blue No
80%
Mauritania Green Yes
80%
Antigua and Barbuda Green No
80%
Sierra Leone Green Yes
80%
Antigua and Barbuda Red Yes
80%
Barbados White No
80%
Palau Yellow / Orange Yes
80%
South Korea Black Yes
79%
Libya Black Yes
79%
Solomon Islands Blue Yes
79%
Burkina Faso White No
79%
Myanmar Yellow / Orange Yes
79%
Libya Red Yes
78%
Palau White No
78%
Ethiopia Yellow / Orange Yes
78%
Sierra Leone Black No
77%
Myanmar Red Yes
77%
Papua New Guinea Yellow / Orange Yes
77%
Kenya Yellow / Orange No
77%
Central African Republic Yellow / Orange Yes
77%
Brazil Black No
76%
Burkina Faso Black No
76%
Mauritania Black No
76%
Azerbaijan Blue Yes
76%
Tanzania Green Yes
76%
Mauritania Red Yes
76%
Ethiopia Red Yes
76%
Brazil White Yes
76%
Azerbaijan Black No
75%
Solomon Islands Black No
75%
Democratic Republic of the Congo Blue Yes
75%
Myanmar Green Yes
75%
Nauru Red No
75%
Seychelles White Yes
75%
Niger Yellow / Orange Yes
75%
Morocco Green Yes
74%
Gabon White No
74%
South Africa Yellow / Orange Yes
74%
Guyana Yellow / Orange Yes
74%
Comoros Black No
73%
Djibouti Black No
73%
South Africa Blue Yes
73%
Tanzania Blue Yes
73%
Democratic Republic of the Congo Red Yes
73%
Guyana Red Yes
73%
Sierra Leone Red No
73%
Djibouti White Yes
73%
Burkina Faso Yellow / Orange Yes
73%
Gabon Yellow / Orange Yes
73%
Antigua and Barbuda Black Yes
72%
Tanzania Black Yes
72%
Ethiopia Black No
72%
Mauritania Blue No
72%
Azerbaijan Green Yes
72%
Comoros Green Yes
72%
Azerbaijan Red Yes
72%
Tanzania Red No
72%
Sierra Leone White Yes
72%
Rwanda Yellow / Orange Yes
72%
Democratic Republic of the Congo Black No
71%
Rwanda Black No
71%
Djibouti Blue Yes
71%
Sierra Leone Blue Yes
71%
Djibouti Green Yes
71%
St. Vincent and the Grenadines Green Yes
71%
Gabon Red No
71%
Mauritania White No
71%
South Africa White Yes
71%
Democratic Republic of the Congo Yellow / Orange Yes
71%
Azerbaijan Yellow / Orange No
71%
Sierra Leone Yellow / Orange No
71%
Central African Republic Blue Yes
70%
Solomon Islands Red No
70%
Solomon Islands White Yes
70%
Djibouti Yellow / Orange No
70%
Central African Republic Black No
69%
Rwanda Blue Yes
69%
Democratic Republic of the Congo Green No
69%
Comoros White Yes
69%
Kenya White Yes
69%
Vanuatu Red Yes
68%
Nauru Yellow / Orange Yes
68%
St. Vincent and the Grenadines Yellow / Orange Yes
68%
Comoros Red Yes
67%
Rwanda Red No
67%
Myanmar White Yes
67%
Nauru White Yes
67%
Bosnia and Herzegovina White Yes
67%
Ethiopia White No
67%
Central African Republic White Yes
67%
Comoros Yellow / Orange Yes
67%
St. Vincent and the Grenadines Black No
66%
Gabon Blue Yes
66%
Comoros Blue Yes
66%
St. Vincent and the Grenadines Blue Yes
66%
St. Vincent and the Grenadines Red No
66%
Libya White Yes
66%
St. Vincent and the Grenadines White No
66%
Antigua and Barbuda Yellow / Orange Yes
66%
Barbados Black Yes
65%
Mauritania Yellow / Orange Yes
65%
Antigua and Barbuda Blue Yes
64%
Rwanda White No
64%
Tanzania White No
64%
Vanuatu Yellow / Orange Yes
64%
Rwanda Green Yes
63%
Azerbaijan White Yes
63%
Antigua and Barbuda White Yes
63%
Solomon Islands Yellow / Orange Yes
61%
Vanuatu Black Yes
60%
Democratic Republic of the Congo White No
59%
Tanzania Yellow / Orange Yes
59%
Ethiopia Blue Yes
58%
Djibouti Red Yes
57%
Venezuela White Yes
57%
Vanuatu White No
57%
Vanuatu Blue No
56%
Vanuatu Green Yes
55%
Solomon Islands Green Yes
55%
Guyana Black Yes
49%
India Blue Yes
46%
Papua New Guinea White Yes
45%
Guyana White Yes
39%
No matching quizzes found
Score Distribution
Percent of People with Each Score
Percentile by Number Answered
Your Score History
You have not taken this quiz